| 000 | 00628nam a2200193 i 4500 | ||
|---|---|---|---|
| 001 | 23408 | ||
| 003 | ES-MaACL | ||
| 005 | 20230906152852.0 | ||
| 007 | t| | ||
| 008 | 021210s1966 sp ||||1| spa d | ||
| 100 | 1 |
_aAllen, Louis A. _919996 |
|
| 245 | 1 | 3 |
_aLa función directiva como profesión / _cLouis A. Allen ; traducción y adaptación, Alejandra Tcachuk, Gaspar de Vicente González. |
| 260 |
_aMadrid : _bCastillo, _c[1966] |
||
| 300 |
_a357 p. ; _c24 cm. |
||
| 650 | 4 |
_aEjecutivos. _9150045 |
|
| 700 | 1 |
_aTcachuk, Alejandra. _9109482 |
|
| 700 | 1 |
_aVicente González, Gaspar de. _9114359 |
|
| 852 |
_aES-MaACL _jC-31221 |
||
| 999 |
_c23408 _d23408 |
||